000 00749nam a2200289Ia 4500
005 20260324111519.0
008 008 260324s9999 xx 000 0 eng d
020 _a9781003592365
037 _aEBOOK
040 _aCRL
040 _beng
040 _cCRL
041 _2eng
041 _aeng
084 _qCRL
100 _aSougata Jana
_9973125
245 0 _aAdvances in Pharmaceutical Technology for Drug Delivery Systems (PTDDS)
245 0 _bVolume 1: Recent Progress in Modern Drug Targeting Strategies
260 _bTaylor and Francis
260 _c2025
365 _a
365 _b385
856 _uhttp://www.taylorfrancis.com/books/9781003592365
942 _cEBOOK
999 _c1727726
_d1727726